书目信息 |
| 题名: |
电气设备状态监测与故障诊断
|
|
| 作者: | 刘念 主编 | |
| 分册: | ||
| 出版信息: | 北京 中国电力出版社 2021.3 |
|
| 页数: | 177页 | |
| 开本: | 26cm | |
| 丛书名: | ||
| 单 册: | ||
| 中图分类: | TM , TM07 | |
| 科图分类: | ||
| 主题词: | 电气设备--设备状态监测--高等教育--教材 , 电气设备--故障诊断--高等教育--教材 | |
| 电子资源: | ||
| ISBN: | 978-7-5123-8439-2 | |
| 000 | 00945nam0 2200265 45 | |
| 001 | 012001002624 | |
| 005 | 20211020083821.66 | |
| 010 | @a978-7-5123-8439-2@dCNY25.00 | |
| 100 | @a20160111d2016 em y0chiy50 ea | |
| 101 | 0 | @achi |
| 102 | @aCN@b110000 | |
| 105 | @aa z 000yy | |
| 106 | @ar | |
| 200 | 1 | @a电气设备状态监测与故障诊断@Adian qi she bei zhuang tai jian ce yu gu zhang zhen duan@b专著@f刘念主编 |
| 210 | @a北京@c中国电力出版社@d2021.3 | |
| 215 | @a177页@c图@d26cm | |
| 300 | @a“十三五”普通高等教育本科规划教材 | |
| 330 | @a本书共12章,内容包括:概述、水轮发电机状态监测与故障诊断、风力发电机状态监测与故障诊断、电力变压器状态监测与故障诊断、输电线状态监测与故障诊断等。 | |
| 606 | 0 | @a电气设备@x设备状态监测@x高等教育@j教材 |
| 606 | 0 | @a电气设备@x故障诊断@x高等教育@j教材 |
| 690 | @aTM@v5 | |
| 690 | @aTM07@v5 | |
| 701 | 0 | @a刘念@Aliu nian@4主编 |
| 801 | 2 | @aCN@bBJSDL@c20211018 |
| 905 | @b1344517-20@dTM@e110@f4 | |
| 电气设备状态监测与故障诊断/刘念主编.-北京:中国电力出版社,2021.3 |
| 177页:图;26cm |
| “十三五”普通高等教育本科规划教材 |
| ISBN 978-7-5123-8439-2:CNY25.00 |
| 本书共12章,内容包括:概述、水轮发电机状态监测与故障诊断、风力发电机状态监测与故障诊断、电力变压器状态监测与故障诊断、输电线状态监测与故障诊断等。 |
| ● |
| 相关链接 |
|
|
|
|
正题名:电气设备状态监测与故障诊断
索取号:TM/110
 
预约/预借
| 序号 | 登录号 | 条形码 | 馆藏地/架位号 | 状态 | 备注 |
| 1 | 1344517 | 213445173 | 第二样本阅览室/ [索取号:TM/110] | 在馆 | |
| 2 | 1344518 | 213445182 | 第三借阅区/ [索取号:TM/110] | 在馆 | |
| 3 | 1344519 | 213445191 | 第三借阅区/ [索取号:TM/110] | 在馆 | |
| 4 | 1344520 | 213445208 | 第三借阅区/ [索取号:TM/110] | 在馆 |